000 00967nam a2200217Ii 4500
003 JO-AjNU
008 230605s9999||||xx |||||||||||||| ||und||
017 _a2006/1/115
040 _aJO-AjNU
_bara
_erda
_cJO-AjNU
041 _aara
050 1 4 _aLB2341.T37 2009
100 3 _aالترتوري،محمد عوض مؤلف/جويحان،أغادير عرفات م.مشارك,
_eauthor
_929946
245 0 0 _aإدارة الجود الشاملة في مؤسسات التعليم العالي والمكتبات ومراكز المعلومات
250 _aط2
264 3 1 _aعمان:دار المسيرة،2009
300 _a259ص
_bملحق جداول:(41-239)
336 _atext
_btxt
_2rdacontent
337 _aunmediated
_bn
_2rdamedia
338 _avolume
_bnc
_2rdacarrier
650 4 _aالمكتبات-ضبط جودة. المكتبات الجامعية-إدارة. مراكز المعلومات-إدارة. إدارة الجودة الشاملة
_929947
999 _aA11810
_c15378
_d15378